| Tag |
First Indicator |
Second Indicator |
Subfields |
| LEADER |
00000cam a22000008i 4500 |
| 001 |
in00005776587 |
| 005 |
20260327191549.5 |
| 006 |
m o d |
| 007 |
cr ||||||||||| |
| 008 |
251007s2025 ne o 000 0 eng d |
| 040 |
|
|
|a UKMGB
|b eng
|e rda
|e pn
|c UKMGB
|d OCLCO
|d OPELS
|d UKAHL
|
| 015 |
|
|
|a GBC5C2621
|2 bnb
|
| 016 |
7 |
|
|a 300634679
|2 Uk
|
| 020 |
|
|
|a 9780443329036
|q ePub ebook
|
| 020 |
|
|
|a 0443329036
|
| 024 |
8 |
|
|a CIPO000301261
|
| 035 |
|
|
|a (OCoLC)1550455336
|
| 050 |
|
4 |
|a RD593
|
| 082 |
0 |
4 |
|a 616.8
|2 23
|
| 049 |
|
|
|a TXAM
|
| 245 |
0 |
0 |
|a Neuromonitoring techniques :
|b quick guide for clinicians and residents /
|c edited by Hemanshu Prabhakar.
|
| 250 |
|
|
|a Second edition.
|
| 264 |
|
1 |
|a Amsterdam :
|b Academic Press,
|c 2025.
|
| 300 |
|
|
|a 1 online resource (375 pages)
|
| 336 |
|
|
|a text
|b txt
|2 rdacontent
|
| 337 |
|
|
|a computer
|b c
|2 rdamedia
|
| 338 |
|
|
|a online resource
|b cr
|2 rdacarrier
|
| 500 |
|
|
|a Previous edition: 2018.
|
| 588 |
|
|
|a Description based on CIP data; resource not viewed.
|
| 520 |
|
|
|a Neuromonitoring Techniques: Quick Guide for Clinicians and Residents, Second Edition continues to be the comprehensive resource designed to equip healthcare professionals with essential knowledge for effective patient care. This revised edition introduces new chapters that delve into cutting-edge areas of neuromonitoring, including Clinical Neuromonitoring, providing insights into real-world applications, Electroencephalogram, unraveling the intricacies of brain activity monitoring, and Brain Ultrasound, exploring the latest advancements in non-invasive imaging techniques. From the fundamentals in the Introduction to Neuromonitoring Techniques to advanced topics such as Cognitive Function Monitoring and Functional Neuroimaging, each chapter is precisely crafted to offer a quick yet thorough understanding of the respective techniques. Whether you are a seasoned clinician seeking to stay abreast of the latest advancements or a resident looking to build a strong foundation, this revised edition provides an accessible guide to the diverse realm of neuromonitoring.
|
| 650 |
|
0 |
|a Nervous system
|x Diseases
|x Treatment.
|
| 650 |
|
0 |
|a Patient monitoring.
|
| 650 |
|
2 |
|a Monitoring, Physiologic
|
| 650 |
|
6 |
|a Système nerveux
|x Maladies
|x Traitement.
|
| 650 |
|
6 |
|a Monitorage (Soins hospitaliers)
|
| 650 |
|
7 |
|a Nervous system
|x Diseases
|x Treatment
|2 fast
|
| 650 |
|
7 |
|a Patient monitoring
|2 fast
|
| 655 |
|
7 |
|a Electronic books.
|2 local
|
| 700 |
1 |
|
|a Prabhakar, Hemanshu,
|e editor.
|
| 710 |
2 |
|
|a ScienceDirect (Online service)
|
| 776 |
0 |
8 |
|i Print version:
|z 9780443329029
|
| 856 |
4 |
0 |
|u http://proxy.library.tamu.edu/login?url=https://www.sciencedirect.com/science/book/9780443329029
|z Connect to the full text of this electronic book
|t 0
|
| 955 |
|
|
|a Elsevier ScienceDirect 2026-2027
|
| 994 |
|
|
|a 92
|b TXA
|
| 999 |
f |
f |
|i ee8a5073-daf4-4f3f-9bde-65baac5cba53
|s dc0f410a-eea0-4ccd-82ad-bebe820b784c
|t 0
|
| 952 |
f |
f |
|a Texas A&M University
|b College Station
|c Electronic Resources
|s www_evans
|d Available Online
|t 0
|e RD593
|h Library of Congress classification
|
| 998 |
f |
f |
|a RD593
|t 0
|l Available Online
|